书目信息 |
| 题名: |
100个战争悬案
|
|
| 作者: | 拜尔, 著 ;黄协安 译 | |
| 分册: | ||
| 出版信息: | 上海 复旦大学出版社 2008.05 |
|
| 页数: | 202页 | |
| 开本: | 19cm | |
| 丛书名: | 美国历史频道经典 | |
| 单 册: | ||
| 中图分类: | E19-49 | |
| 科图分类: | ||
| 主题词: | 战争史--zhan zheng shi--世界--通俗读物 | |
| 电子资源: | ||
| ISBN: | 978-7-309-06033-1 | |
| 000 | 01157nam 2200277 450 | |
| 001 | 012009135687 | |
| 005 | 20090420120030.81 | |
| 010 | @a978-7-309-06033-1@dCNY22.00 | |
| 100 | @a20090420d2008 em y0chi0120 ea | |
| 101 | 1 | @achi@ceng |
| 102 | @aCN@b310000 | |
| 105 | @aah z 000yy | |
| 106 | @ar | |
| 200 | 1 | @a100个战争悬案@A100 ge zhan zheng xuan an@d= The greatest war stories never told@f(美) 里克·拜尔著@F(mei)li ke·bai er zhu@g黄协安译@Ghuang xie an yi@zeng |
| 210 | @a上海@c复旦大学出版社@d2008.05 | |
| 215 | @a202页@c图, 摹真@d19cm | |
| 225 | 2 | @a美国历史频道经典@Amei guo li shi pin dao jing dian@v100@i揭密系列@v2 |
| 330 | @a本书收录了100个离奇真实的战争故事。具体内容包括:窝尔海的燕子 神风、与海龟船作战、布拉格之“抛出窗外”、詹金斯耳朵之战 扬基歌的故事、萨拉托加的奇迹、美国最差的将军等。 | |
| 410 | 0 | @12001 @a美国历史频道经典@v100@i揭密系列@v2 |
| 500 | 10 | @aGreatest war stories never told@mChinese |
| 606 | 0 | @a战争史@Azhan zheng shi@y世界@j通俗读物 |
| 690 | @aE19-49@v4 | |
| 701 | 1 | @a拜尔,@Abai er@b里克@4著 |
| 702 | 0 | @a黄协安@Ahuang xie an@4译 |
| 801 | 0 | @aCN@bQSSK@c20090420 |
| 905 | @b737883-85@dE19-49@eB170@f3 | |
| 100个战争悬案= The greatest war stories never told/(美) 里克·拜尔著/黄协安译.-上海:复旦大学出版社,2008.05 |
| 202页:图, 摹真;19cm.-(美国历史频道经典;100.揭密系列;2) |
| ISBN 978-7-309-06033-1:CNY22.00 |
| 本书收录了100个离奇真实的战争故事。具体内容包括:窝尔海的燕子 神风、与海龟船作战、布拉格之“抛出窗外”、詹金斯耳朵之战 扬基歌的故事、萨拉托加的奇迹、美国最差的将军等。 |
| ● |
| 相关链接 |
|
|
|
正题名:100个战争悬案
索取号:E19-49/B170
 
预约/预借
| 序号 | 登录号 | 条形码 | 馆藏地/架位号 | 状态 | 备注 |
| 1 | 737883 | 207378835 | 社科库509/509社科库 115排1列1层/ [索取号:E19-49/B170] | 在馆 | |
| 2 | 737884 | 207378844 | 社科库509/509社科库 115排1列1层/ [索取号:E19-49/B170] | 在馆 | |
| 3 | 737885 | 207378853 | 社科库509/509社科库 115排1列1层/ [索取号:E19-49/B170] | 在馆 |